KOHA-Header-6

Japan The Toothless Tiger (Record no. 7797)

000 -LEADER
fixed length control field 00257nam a2200109Ia 4500
100 ## - MAIN ENTRY--AUTHOR NAME
Personal name Declan Hayes
245 #0 - TITLE STATEMENT
Title Japan The Toothless Tiger
260 ## - PUBLICATION, DISTRIBUTION, ETC. (IMPRINT)
Place of publication USA
Name of publisher McGraw-Hill
Year of publication 2001
300 ## - PHYSICAL DESCRIPTION
Number of Pages 174
942 ## - ADDED ENTRY ELEMENTS (KOHA)
Koha item type Books
Holdings
Withdrawn status Lost status Collection code Permanent Location Current Location Shelving location Date acquired Full call number Accession Number Koha item type
    English Literature MAJU MAJU Shelf No.A14 2019-09-12 910.2 1938 English Literature

Powered by Koha